| 000 | 00731nam a2200241Ia 4500 | ||
|---|---|---|---|
| 003 | OSt | ||
| 005 | 20220923224559.0 | ||
| 006 | a|||||r|||| 00| 0 | ||
| 007 | ta | ||
| 008 | Pun | ||
| 020 | _c220 | ||
| 024 | _a243,681 | ||
| 037 |
_b194, 08/10/2010, H.K. Prakashan _cTextual |
||
| 040 |
_aARTS _cARTS _bPun |
||
| 041 |
_2Pun _aPun |
||
| 082 | _aP153:g, P8 | ||
| 100 |
_aਕੁਮਾਰੀ, ਰਮਾ _9156278 |
||
| 245 | 0 | _aਪੰਜਾਬੀ ਭਾFਾ ਦਾ ਉਪਭਾFਾਈ ਅਧਿਐਨ | |
| 260 |
_aਚੰਡੀਗੜ _b ਲੋਕਗੀਤ _c2008 |
||
| 300 |
_a175ਪੰ _ccm. |
||
| 942 |
_hP153:g, P8 _cTEXL _2CC |
||
| 999 |
_c372339 _d372339 |
||